000
00331nam a2200133Ia 4500
008
260604s9999 xx 000 0 und d
020
_a
9780749482978
082
_a
174.4 HAY
100
_a
HAYWARD
_9
35196
245
0
_a
THE BUSINESS GUIDE TO EFFECTIVE COMPLIANCE AND ETH
260
_b
KOG
500
_a
Business Ethics
942
_c
BK
999
_c
7958
_d
7958